Éléments d'épistémologie (notice n° 1567504)
[ vue normale ]
| 000 -LEADER | |
|---|---|
| fixed length control field | 01070cam a2200133 4500500 |
| 005 - DATE AND TIME OF LATEST TRANSACTION | |
| control field | 20251214002818.0 |
| 041 ## - LANGUAGE CODE | |
| Language code of text/sound track or separate title | fre |
| 042 ## - AUTHENTICATION CODE | |
| Authentication code | dc |
| 100 10 - MAIN ENTRY--PERSONAL NAME | |
| Personal name | Hempel, Carl |
| Relator term | author |
| 245 00 - TITLE STATEMENT | |
| Title | Éléments d'épistémologie |
| 260 ## - PUBLICATION, DISTRIBUTION, ETC. | |
| Name of publisher, distributor, etc. | Armand Colin,<br/> |
| Date of publication, distribution, etc. | 2023.<br/> |
| 520 ## - SUMMARY, ETC. | |
| Summary, etc. | S’interrogeant sur la démarche scientifique, Carl Hempel en déploie successivement les diverses opérations : concepts, hypothèses, lois et contrôles. Chacune de ces opérations concoure à la construction d’une théorie. Cette démarche est animée par la volonté de donner une explication. Non pas une explication qui consiste à invoquer une cause factice, mais une explication qui rend possible la précision extrême à laquelle les sciences de la nature nous ont habitués. La concurrence entre théories conduit alors à un approfondissement continuel. Et l’auteur complète sa reconstruction rationnelle par une prise en compte de la dynamique de la science. |
| 856 41 - ELECTRONIC LOCATION AND ACCESS | |
| Uniform Resource Identifier | <a href="https://shs.cairn.info/elements-d-epistemologie--9782200635367?lang=fr&redirect-ssocas=7080">https://shs.cairn.info/elements-d-epistemologie--9782200635367?lang=fr&redirect-ssocas=7080</a> |
Pas d'exemplaire disponible.




Réseaux sociaux